[Event "BL 8990 Delmenhorst-Bayern"]
[Site "?"]
[Date "1989.??.??"]
[Round "?.7"]
[White "Schlosser, P."]
[Black "Breutigam, M."]
[Result "1-0"]
[WhiteElo "2475"]
[BlackElo "2320"]
[PlyCount "78"]
[EventDate "1989.??.??"]

1. d4 d6 2. Nf3 Bg4 3. c4 g6 4. e3 Bg7 5. Be2 Nd7 6. O-O Ngf6 7. Nc3 O-O 8. h3
Bxf3 9. Bxf3 Rb8 10. Qc2 c5 11. Rd1 Qc8 12. dxc5 Qxc5 13. b3 b5 14. cxb5 Rfc8
15. Bb2 Qxb5 16. Rac1 Qg5 17. Qd2 Ne5 18. Be2 Qh4 19. Qe1 g5 20. Nb5 Ne4 21.
Nxa7 Rxc1 22. Rxc1 Ng4 23. Bxg4 Bxb2 24. Rc8+ Rxc8 25. Nxc8 Bf6 26. g3 Qh6 27.
Qb4 Qg6 28. Kg2 Kg7 29. Nb6 e6 30. Nd7 Be7 31. Bf3 Nc5 32. Nxc5 dxc5 33. Qc4
Qf5 34. a4 Bd8 35. Qb5 Qe5 36. a5 Qc7 37. a6 Qb6 38. Qe8 Bc7 39. Bh5 Kh6 {ZÜ}
1-0

[Event "BL 8990 Delmenhorst-Bayern"]
[Site "?"]
[Date "1989.??.??"]
[Round "?.8"]
[White "Ditt, E."]
[Black "Hecht, H."]
[Result "0-1"]
[WhiteElo "2310"]
[BlackElo "2435"]
[PlyCount "46"]
[EventDate "1989.??.??"]

1. g3 e5 2. Bg2 Nf6 3. c4 c6 4. Nf3 e4 5. Nd4 d5 6. cxd5 Qxd5 7. Nc2 Qh5 8. h3
Qg6 9. Nc3 Bd6 10. Ne3 O-O 11. d3 exd3 12. Qxd3 Qxd3 13. exd3 Nbd7 14. O-O Nb6
15. a4 a5 16. Nc4 Nxc4 17. dxc4 Be6 18. b3 Be5 19. Bb2 Nd7 20. Rfe1 Bf6 21. Ra2
Bf5 22. Ne4 Bxe4 23. Bxf6 Bxg2 0-1

[Event "BL 8990 HSK-München 36"]
[Site "?"]
[Date "1989.??.??"]
[Round "?.1"]
[White "Smejkal, J."]
[Black "Wahls, M."]
[Result "1/2-1/2"]
[WhiteElo "2545"]
[BlackElo "2535"]
[PlyCount "61"]
[EventDate "1989.??.??"]

1. d4 Nf6 2. Nf3 e6 3. c4 c5 4. d5 exd5 5. cxd5 d6 6. Nc3 g6 7. e4 Bg7 8. h3
O-O 9. Bd3 b5 10. Bxb5 Nxe4 11. Nxe4 Qa5+ 12. Nfd2 Qxb5 13. Nxd6 Qa6 14. N2c4
Nd7 15. O-O Nb6 16. Nxb6 Qxb6 17. Nxc8 Raxc8 18. Rb1 Qd6 19. Qf3 Rfd8 20. Rd1
Bd4 21. Be3 Qxd5 22. Qxd5 Rxd5 23. Rd2 a5 24. Rbd1 Rb8 25. Kf1 Kg7 26. Rc2 a4
27. Rcd2 Rf5 28. Bxd4+ cxd4 29. b3 axb3 30. axb3 Rxb3 31. Rxd4 1/2-1/2

[Event "BL 8990 HSK-München 36"]
[Site "?"]
[Date "1989.??.??"]
[Round "?.2"]
[White "Maus, So"]
[Black "Ftacnik, L."]
[Result "1/2-1/2"]
[WhiteElo "2395"]
[BlackElo "2550"]
[PlyCount "124"]
[EventDate "1989.??.??"]

1. e4 c5 2. Nf3 d6 3. d4 cxd4 4. Nxd4 Nf6 5. Nc3 a6 6. Bc4 e6 7. Bb3 Be7 8. O-O
b5 9. Qf3 Qc7 10. Bg5 O-O 11. e5 dxe5 12. Bxf6 gxf6 13. Nf5 exf5 14. Qxa8 Bb7
15. Nd5 Qd7 16. Qa7 Bxd5 17. Qxd7 Nxd7 18. Bxd5 Nb6 19. Bb3 e4 20. Rfd1 Rc8 21.
c3 f4 22. Bd5 f5 23. Bb7 Rb8 24. Bxa6 Nc4 25. a4 Nxb2 26. Rdb1 bxa4 27. Rxa4
Nxa4 28. Rxb8+ Kg7 29. Rc8 Bf6 30. c4 Be7 31. Rc6 e3 32. Kf1 Bb4 33. g3 fxg3
34. hxg3 exf2 35. Kxf2 Nc5 36. Bc8 Nb3 37. Kg2 Nd4 38. Rc7 Kf6 39. Rd7 Ne6 40.
Rb7 Be7 41. Bxe6 fxe6 42. Rc7 Bb4 43. Rxh7 Ke5 44. Rd7 Ke4 45. Kf2 Bc5+ 46. Ke2
Bb4 47. Rd3 Bc5 48. Rd8 Bd4 49. Re8 Ke5 50. Kd3 Bf2 51. Rd8 Kf6 52. Rd7 e5 53.
Ke2 Ke6 54. Rg7 Bd4 55. Rg6+ Ke7 56. Rc6 e4 57. Rg6 Be5 58. Ke3 Kf7 59. Rg5 Kf6
60. Rg8 Kf7 61. Rd8 Bxg3 62. c5 Ke7 1/2-1/2

[Event "BL 8990 HSK-München 36"]
[Site "?"]
[Date "1989.??.??"]
[Round "?.3"]
[White "Bastian, H."]
[Black "Reefschlaeger, H."]
[Result "1/2-1/2"]
[WhiteElo "2340"]
[BlackElo "2395"]
[PlyCount "114"]
[EventDate "1989.??.??"]

1. e4 e5 2. Nf3 Nc6 3. Bc4 Nf6 4. d3 h6 5. O-O d6 6. c3 g6 7. Re1 Bg7 8. Nbd2
O-O 9. Bb3 Re8 10. Nf1 Be6 11. Ba4 Bd7 12. Ng3 Re7 13. h3 Qe8 14. Bc2 Nd8 15.
Be3 c5 16. d4 b6 17. d5 Qf8 18. Nh2 Nh7 19. Qb1 f6 20. a4 Rf7 21. f4 exf4 22.
Bxf4 f5 23. exf5 g5 24. Bd2 Nf6 25. c4 Re7 26. Rxe7 Qxe7 27. Qe1 Qf8 28. Bc3
Nf7 29. Qd2 a6 30. Bd3 b5 31. axb5 axb5 32. Rxa8 Qxa8 33. cxb5 Qxd5 34. Qe2 Qa8
35. Qe7 Qd8 36. Qxd8+ Nxd8 37. b4 cxb4 38. Bxb4 Ne8 39. Nf3 d5 40. Nh5 Bb2 41.
Bc5 Nb7 42. Bd4 Bxd4+ 43. Nxd4 Kf7 44. g4 Nc7 45. Kf2 Nd6 46. Nc6 Bxc6 47. bxc6
Ke7 48. Ng3 Nf7 49. Ne2 Ne5 50. Ke3 Nxc6 51. Nd4 Ne5 52. Bf1 Kd6 53. Nb3 Ne8
54. Bg2 Nf6 55. Bf1 Nc6 56. Nd4 Ne7 57. Be2 Ke5 1/2-1/2

[Event "BL 8990 HSK-München 36"]
[Site "?"]
[Date "1989.??.??"]
[Round "?.4"]
[White "Wegner, H."]
[Black "Pichler, J."]
[Result "1/2-1/2"]
[WhiteElo "2365"]
[BlackElo "2325"]
[PlyCount "61"]
[EventDate "1989.??.??"]

1. d4 e6 2. c4 Nf6 3. Nc3 Bb4 4. Qc2 c5 5. dxc5 Nc6 6. Nf3 O-O 7. Bg5 Bxc5 8.
e3 h6 9. Bh4 Be7 10. Rd1 Qa5 11. Nd2 d5 12. Be2 Rd8 13. O-O Qb6 14. cxd5 exd5
15. Nb3 Be6 16. Nb5 Rac8 17. Qb1 Bg4 18. Bxg4 Nxg4 19. Bxe7 Nxe7 20. N3d4 a6
21. Nc3 Qf6 22. Nf3 Ne5 23. Nxe5 Qxe5 24. Rd2 Nc6 25. Re1 d4 26. exd4 Qf4 27.
Qd1 Rxd4 28. Rxd4 Qxd4 29. Qxd4 Nxd4 30. Re7 Nb5 31. Re3 1/2-1/2

[Event "BL 8990 HSK-München 36"]
[Site "?"]
[Date "1989.??.??"]
[Round "?.5"]
[White "Goetz, R."]
[Black "Michaelsen, N."]
[Result "1-0"]
[WhiteElo "2315"]
[BlackElo "2345"]
[PlyCount "51"]
[EventDate "1989.??.??"]

1. e4 e5 2. Nf3 Nf6 3. Nxe5 d6 4. Nc4 Nxe4 5. d4 d5 6. Ne3 c6 7. Nd2 Nxd2 8.
Bxd2 Qb6 9. Bc1 Be7 10. c3 O-O 11. Bd3 Re8 12. O-O Nd7 13. Nf5 Bf8 14. Qg4 g6
15. Qg5 c5 16. Ne3 cxd4 17. Nxd5 Qc6 18. Bb5 Qxb5 19. Ne7+ Bxe7 20. Qxb5 a6 21.
Qd3 dxc3 22. Qxc3 Bf6 23. Qf3 Bg7 24. Bf4 Nc5 25. Rfe1 Be6 26. Be5 1-0

[Event "BL 8990 München 36-Zehlendorf"]
[Site "?"]
[Date "1989.??.??"]
[Round "?.1"]
[White "Tal, M."]
[Black "Smejkal, J."]
[Result "1/2-1/2"]
[WhiteElo "2585"]
[BlackElo "2545"]
[PlyCount "42"]
[EventDate "1989.??.??"]

1. e4 e5 2. Nf3 Nc6 3. Bb5 Nf6 4. O-O Nxe4 5. d4 Nd6 6. Bxc6 dxc6 7. dxe5 Nf5
8. Qxd8+ Kxd8 9. Nc3 h6 10. h3 Ke8 11. Bd2 Be6 12. g4 Ne7 13. Ne4 Rd8 14. Rfe1
Ng6 15. Kg2 Be7 16. Ng3 b6 17. Rad1 c5 18. Bc3 Rd7 19. a3 a5 20. Bd2 Kd8 21. h4
h5 {.../83/} 1/2-1/2

[Event "BL 8990 München 36-Zehlendorf"]
[Site "?"]
[Date "1989.??.??"]
[Round "?.2"]
[White "Ftacnik, L."]
[Black "Hulak, K."]
[Result "1-0"]
[WhiteElo "2550"]
[BlackElo "2550"]
[PlyCount "74"]
[EventDate "1989.??.??"]

1. d4 Nf6 2. Nf3 e6 3. c4 Bb4+ 4. Nbd2 d5 5. Qa4+ Nc6 6. a3 Be7 7. e3 O-O 8.
Bd3 a6 9. Qc2 Re8 10. O-O g6 11. b4 Bf8 12. Bb2 Bg7 13. Rad1 Ne7 14. e4 c6 15.
e5 Nh5 16. Rfe1 Nf4 17. Bf1 dxc4 18. Nxc4 Nf5 19. Bc1 Nd5 20. g3 h6 21. h4 b6
22. Bh3 Bd7 23. h5 Rf8 24. Kg2 Be8 25. Rh1 a5 26. hxg6 fxg6 27. Bxf5 Rxf5 28.
Bxh6 axb4 29. Bxg7 Kxg7 30. axb4 Kg8 31. Rh6 Qe7 32. Rdh1 Qg7 33. Rh8+ Qxh8 34.
Rxh8+ Kxh8 35. Nd6 Rf8 36. Ng5 Ne7 37. Qc1 Bd7 1-0

[Event "BL 8990 München 36-Zehlendorf"]
[Site "?"]
[Date "1989.??.??"]
[Round "?.3"]
[White "Wockenfuss, K."]
[Black "Bastian, H."]
[Result "0-1"]
[WhiteElo "2405"]
[BlackElo "2340"]
[PlyCount "166"]
[EventDate "1989.??.??"]

1. e4 g6 2. d4 Bg7 3. Nf3 c5 4. c3 cxd4 5. cxd4 Nf6 6. e5 Nd5 7. Bc4 Nb6 8. Bb3
d5 9. exd6 Qxd6 10. O-O O-O 11. Nc3 Bg4 12. Ne4 Qd8 13. Neg5 e6 14. Ne4 Nc6 15.
Bg5 Bxf3 16. Qxf3 Nxd4 17. Qh3 Ne2+ 18. Kh1 Qd4 19. Qf3 Qxb2 20. Rab1 Nd4 21.
Nf6+ Bxf6 22. Qxf6 Qc3 23. Rfc1 Qa5 24. Bf4 Nc6 25. Bh6 Qe5 26. Qxe5 Nxe5 27.
Bxf8 Kxf8 28. Rc7 Rb8 29. Rd1 Ng4 30. Kg1 Nf6 31. Kf1 Nfd5 32. Rc5 Ke7 33. g3
Kd6 34. Rdc1 h5 35. h3 Ne7 36. Rb5 Nc6 37. Rbc5 a6 38. R5c2 Nd5 39. Rd2 Rd8 40.
Rcd1 Kc5 41. Rc1+ Kd6 42. Rcd1 Nce7 43. Rc1 Rh8 44. Rc4 b5 45. Rf4 f5 46. a4
Rc8 47. axb5 axb5 48. Rf3 Rc1+ 49. Kg2 Nc6 50. Rfd3 Ncb4 51. Rd4 Kc5 52. g4
hxg4 53. hxg4 Rc3 54. Bxd5 Nxd5 55. gxf5 gxf5 56. Rh4 b4 57. Rh8 Kd6 58. Rd8+
Ke5 59. Re2+ Kf6 60. Rb2 Nf4+ 61. Kh2 Nd5 62. Rf8+ Kg5 63. Re8 Rc6 64. Kg3 f4+
65. Kg2 Kf5 66. Re2 f3+ 67. Kxf3 Rc3+ 68. Re3 Nxe3 69. fxe3 b3 70. Rb8 e5 71.
Rb5 Ke6 72. Ke4 Kd6 73. Rb8 Kc7 74. Rb4 Kc6 75. Kxe5 Kc5 76. Rb8 Rxe3+ 77. Kf4
Rh3 78. Ke4 Kc4 79. Rc8+ Kb4 80. Kd4 b2 81. Rb8+ Ka3 82. Ra8+ Kb3 83. Rb8+ Ka2
0-1

[Event "BL 8990 München 36-Zehlendorf"]
[Site "?"]
[Date "1989.??.??"]
[Round "?.4"]
[White "Pichler, J."]
[Black "Cladouras, P."]
[Result "1-0"]
[WhiteElo "2325"]
[BlackElo "2425"]
[PlyCount "119"]
[EventDate "1989.??.??"]

1. d4 Nf6 2. Nf3 e6 3. g3 Be7 4. Bg2 O-O 5. c4 d5 6. Qc2 dxc4 7. Qxc4 a6 8. Bf4
Nd5 9. Nc3 b5 10. Qd3 Bb7 11. O-O Nd7 12. Rfd1 Nxf4 13. gxf4 Nf6 14. Ne5 Bxg2
15. Kxg2 Bd6 16. Qf3 Qe8 17. Rac1 b4 18. Ne4 Nxe4 19. Qxe4 Qa4 20. Qb1 f6 21.
Nc6 Qb5 22. Qe4 Rae8 23. Rd3 g5 24. Kh1 Qd5 25. Qxd5 exd5 26. Rc2 gxf4 27. Kg2
Ra8 28. Na5 Rab8 29. Nb3 Rb5 30. Rh3 Kg7 31. Kf3 a5 32. Nc1 Re8 33. Nd3 Re4 34.
e3 fxe3 35. fxe3 Rb8 36. Rg2+ Kh8 37. Nf2 Re7 38. Rh5 c6 39. Ng4 Rf8 40. Nh6
Rg7 41. Rc2 Rc7 42. Nf5 b3 43. axb3 Bb4 44. Nh6 Rcc8 45. Rh4 f5 46. Rh5 Rf6 47.
Nxf5 Rcf8 48. e4 dxe4+ 49. Kxe4 Re8+ 50. Kd3 Re1 51. Re2 Rxe2 52. Kxe2 Rg6 53.
Ne3 Kg7 54. Rf5 Rg1 55. Kd3 Kg6 56. Rf2 Re1 57. Rc2 Kg5 58. Rxc6 h5 59. h4+ Kf4
60. Ng2+ 1-0

[Event "BL 8990 München 36-Zehlendorf"]
[Site "?"]
[Date "1989.??.??"]
[Round "?.5"]
[White "Loeffler, S."]
[Black "Goetz, R."]
[Result "1/2-1/2"]
[WhiteElo "2305"]
[BlackElo "2315"]
[PlyCount "64"]
[EventDate "1989.??.??"]

1. g3 c5 2. Bg2 Nc6 3. Nf3 g6 4. c3 Bg7 5. d4 cxd4 6. cxd4 d5 7. Nc3 e6 8. O-O
Nge7 9. b3 O-O 10. Qd2 Qa5 11. e3 Bd7 12. Bb2 Rfc8 13. Rfd1 Nf5 14. e4 Ncxd4
15. Nxd4 Nxd4 16. Nxd5 Qxd2 17. Rxd2 Rc2 18. Rxc2 Nxc2 19. Ne7+ Kf8 20. Bxg7+
Kxe7 21. Rd1 Bc6 22. Rd2 Nb4 23. a3 Na6 24. Be5 Rc8 25. Bd6+ Ke8 26. Rc2 Kd7
27. e5 Bxg2 28. Rxc8 Kxc8 29. Kxg2 Nc7 30. a4 Nd5 31. Kf3 Kd7 32. Kg4 h5+
1/2-1/2

[Event "BL 8990 München 36-Zehlendorf"]
[Site "?"]
[Date "1989.??.??"]
[Round "?.6"]
[White "Roese, O."]
[Black "Vogel, R."]
[Result "1-0"]
[WhiteElo "2345"]
[BlackElo "2320"]
[PlyCount "57"]
[EventDate "1989.??.??"]

1. e4 c5 2. Nf3 Nc6 3. d4 cxd4 4. Nxd4 Nf6 5. Nc3 d6 6. Bc4 e6 7. Be3 Be7 8.
O-O O-O 9. Bb3 Bd7 10. Qe2 Qc7 11. f4 Na5 12. Rad1 a6 13. Bc1 Nxb3 14. axb3 Bc6
15. Kh1 Rad8 16. f5 e5 17. Nxc6 bxc6 18. Qxa6 d5 19. exd5 cxd5 20. Bg5 Ng4 21.
Qe2 h5 22. f6 gxf6 23. Bc1 d4 24. Ne4 Qc6 25. Ng3 d3 26. cxd3 Bc5 27. Nxh5 Nf2+
28. Rxf2 Bxf2 29. Qxf2 1-0

[Event "BL 8990 München 36-Zehlendorf"]
[Site "?"]
[Date "1989.??.??"]
[Round "?.8"]
[White "Koepf, U."]
[Black "Von Herman, U."]
[Result "1/2-1/2"]
[WhiteElo "2260"]
[BlackElo "2245"]
[PlyCount "93"]
[EventDate "1989.??.??"]

1. Nf3 Nf6 2. g3 g6 3. Bg2 Bg7 4. O-O O-O 5. d4 d6 6. c4 c5 7. dxc5 dxc5 8. Nc3
Nc6 9. Be3 Qa5 10. Nd5 Ne4 11. Nd2 Nxd2 12. Bxd2 Qd8 13. Bc3 Bg4 14. h3 Bxc3
15. Nxc3 Be6 16. Nd5 Qd7 17. Nf4 Rfd8 18. Qxd7 Rxd7 19. Nxe6 fxe6 20. Bxc6 bxc6
21. Rfd1 Rad8 22. Rxd7 Rxd7 23. Kf1 Rd2 24. Rb1 Rc2 25. Ke1 Kf7 26. Kd1 Rxc4
27. Rc1 Rd4+ 28. Ke1 Rd5 29. Rc4 g5 30. Ra4 Rd7 31. b3 Kf6 32. Rc4 Rd5 33. Ra4
Rd7 34. Ra5 c4 35. bxc4 Rb7 36. Ra6 Rb4 37. Rxa7 Rxc4 38. Kd2 Rc5 39. a3 Rd5+
40. Ke3 Re5+ 41. Kf3 Rf5+ 42. Kg2 Rc5 43. a4 Rc2 44. Kf3 Rc3+ 45. e3 Ra3 46. h4
gxh4 47. gxh4 1/2-1/2

[Event "BL 8990 Bayern-Lasker"]
[Site "?"]
[Date "1989.??.??"]
[Round "?.2"]
[White "Ribli, Z."]
[Black "Fries Nielsen, J."]
[Result "1/2-1/2"]
[WhiteElo "2605"]
[BlackElo "2425"]
[PlyCount "108"]
[EventDate "1989.??.??"]

1. Nf3 Nf6 2. c4 g6 3. g3 Bg7 4. Bg2 O-O 5. O-O d6 6. d4 c6 7. b3 e5 8. dxe5
dxe5 9. Ba3 Qxd1 10. Rxd1 Re8 11. Nc3 e4 12. Nd4 h5 13. Rac1 Nbd7 14. Nc2 Nf8
15. Bc5 Bf5 16. Ne3 Ne6 17. Bd6 Bh6 18. Nxf5 gxf5 19. e3 Kh7 20. Ne2 Rad8 21.
b4 Bf8 22. Be5 Nd7 23. Bc3 Nb6 24. Bh3 Kg6 25. Nf4+ Nxf4 26. gxf4 Rxd1+ 27.
Rxd1 Bg7 28. Bxg7 Kxg7 29. Rd4 Kf6 30. Kf1 Re7 31. c5 Nd5 32. Ke1 a6 33. Bf1
Re8 34. Bc4 Ke6 35. f3 exf3 36. Kf2 Rg8 37. Kxf3 Rg1 38. e4 fxe4+ 39. Rxe4+ Kf6
40. Bxd5 cxd5 41. Re5 Rf1+ 42. Kg3 Rg1+ 43. Kf2 Rb1 44. a3 a5 45. bxa5 Rb5 46.
Rxd5 Rxa5 47. Rxh5 Rxa3 48. h4 Rc3 49. Ke2 Ke6 50. Re5+ Kd7 51. h5 f6 52. Rd5+
Ke6 53. Rd2 Rh3 54. Rd6+ Kf5 1/2-1/2

[Event "BL 8990 Bayern-Lasker"]
[Site "?"]
[Date "1989.??.??"]
[Round "?.3"]
[White "Muse, M."]
[Black "Hjartarson, J."]
[Result "0-1"]
[WhiteElo "2415"]
[BlackElo "2555"]
[PlyCount "66"]
[EventDate "1989.??.??"]

1. d4 Nf6 2. c4 c5 3. d5 d6 4. Nc3 g6 5. e4 Bg7 6. Be2 O-O 7. Bg5 h6 8. Bf4 Qb6
9. Qd2 Kh7 10. Nf3 e5 11. dxe6 Bxe6 12. O-O Nc6 13. Nd5 Qd8 14. Nxf6+ Qxf6 15.
Rab1 Rad8 16. a3 Rfe8 17. h3 b6 18. Rfe1 Bc8 19. Bd3 Bb7 20. Nh2 Ne5 21. Ng4
Nxg4 22. hxg4 Qh4 23. g5 Be5 24. g3 Bxf4 25. Qxf4 Qxf4 26. gxf4 hxg5 27. fxg5
Kg7 28. Kg2 Re6 29. f3 Rh8 30. Rh1 Re5 31. Rxh8 Rxg5+ 32. Kf2 Kxh8 33. f4 Rg4
0-1

[Event "BL 8990 Bayern-Lasker"]
[Site "?"]
[Date "1989.??.??"]
[Round "?.4"]
[White "Hickl, J."]
[Black "Lehmann, K."]
[Result "1-0"]
[WhiteElo "2510"]
[BlackElo "2305"]
[PlyCount "89"]
[EventDate "1989.??.??"]

1. g3 e5 2. Bg2 Nf6 3. e4 d5 4. exd5 Nxd5 5. Nc3 Nxc3 6. bxc3 Bd6 7. Nf3 O-O 8.
O-O c6 9. d4 Nd7 10. Re1 exd4 11. cxd4 Nb6 12. Ng5 h6 13. Ne4 Be7 14. a4 Be6
15. c3 Re8 16. Bf4 Bd5 17. Qg4 Be6 18. Qd1 Bf8 19. Qc2 Bd5 20. h4 Nc4 21. Qd3
b6 22. Kh2 Kh8 23. Re2 f5 24. Nd2 Rxe2 25. Qxe2 Nxd2 26. Bxd5 Qxd5 27. Bxd2 c5
28. Be3 Re8 29. Qh5 Qe4 30. Re1 Qc6 31. Qxf5 Qxa4 32. Qf7 Qc6 33. Bxh6 Rd8 34.
Bg5 Rc8 35. d5 Qc7 36. Qxc7 Rxc7 37. Re8 Rf7 38. d6 Kh7 39. Rxf8 Rxf8 40. d7
Rxf2+ 41. Kg1 Rf8 42. d8=Q Rxd8 43. Bxd8 b5 44. Be7 c4 45. Bb4 1-0

[Event "BL 8990 Bayern-Lasker"]
[Site "?"]
[Date "1989.??.??"]
[Round "?.5"]
[White "Junge, R."]
[Black "Bischoff, K."]
[Result "0-1"]
[WhiteElo "2360"]
[BlackElo "2530"]
[PlyCount "63"]
[EventDate "1989.??.??"]

1. e4 c5 2. d4 cxd4 3. c3 d3 4. c4 Nf6 5. Nc3 d6 6. Bxd3 g6 7. h3 Bg7 8. Nf3
O-O 9. O-O Nfd7 10. Bg5 h6 11. Be3 Nc6 12. Rc1 Nde5 13. Nxe5 dxe5 14. Qa4 Nd4
15. Rfd1 e6 16. c5 Bd7 17. Qa3 Qh4 18. Bf1 Bc6 19. g3 Qe7 20. Bg2 Rfd8 21. Kh2
Bf8 22. b4 a5 23. bxa5 Qc7 24. Qb2 Qxa5 25. a4 Bg7 26. f4 Qxc5 27. Nd5 Qf8 28.
fxe5 exd5 29. Bxd4 dxe4 30. Bc5 Qe8 31. Rxd8 Rxd8 32. a5 0-1

[Event "BL 8990 Bayern-Lasker"]
[Site "?"]
[Date "1989.??.??"]
[Round "?.6"]
[White "Hertneck, G."]
[Black "Maxion, D."]
[Result "1-0"]
[WhiteElo "2475"]
[BlackElo "2210"]
[PlyCount "57"]
[EventDate "1989.??.??"]

1. d4 Nf6 2. Nc3 g6 3. e4 d6 4. Nf3 Bg7 5. Be2 O-O 6. O-O Bg4 7. h3 Bxf3 8.
Bxf3 Nc6 9. Ne2 e5 10. c3 Nd7 11. Rb1 a5 12. Be3 Kh8 13. Qd2 Nb6 14. b3 exd4
15. cxd4 d5 16. Rfc1 Re8 17. exd5 Nxd5 18. Bxd5 Qxd5 19. Rc5 Qd7 20. Rbc1 Bf8
21. d5 Bxc5 22. Rxc5 Kg8 23. Nc3 Nb8 24. Bf4 Na6 25. Rxa5 Qe7 26. Kh2 b6 27.
Ra4 Nc5 28. d6 cxd6 29. Nd5 {ZÜ} 1-0

[Event "BL 8990 Bayern-Lasker"]
[Site "?"]
[Date "1989.??.??"]
[Round "?.7"]
[White "Meier, V."]
[Black "Schlosser, P."]
[Result "1/2-1/2"]
[WhiteElo "2240"]
[BlackElo "2475"]
[PlyCount "160"]
[EventDate "1989.??.??"]

1. e4 e6 2. d4 d5 3. Nd2 c5 4. exd5 exd5 5. Ngf3 Nf6 6. Bb5+ Bd7 7. Bxd7+ Nbxd7
8. O-O Be7 9. dxc5 Nxc5 10. Nb3 O-O 11. Be3 Nce4 12. Qd3 Re8 13. Rad1 Qd7 14.
Bd4 Qa4 15. Nfd2 Rac8 16. c3 Bf8 17. a3 Re6 18. Rde1 Rce8 19. Nxe4 dxe4 20. Qd1
b6 21. Nd2 Qc6 22. Re2 Nd5 23. Qc2 e3 24. fxe3 Nxe3 25. Rxe3 Rxe3 26. Bxe3 Rxe3
27. Nf3 Bc5 28. Kh1 Qb5 29. c4 Qb3 30. Qf5 g6 31. Qf4 Qxb2 32. Ng5 f5 33. Qb8+
Kg7 34. h4 Qe2 35. Qf4 h6 36. Nh3 Re4 37. Qc7+ Be7 38. Rf3 Qxc4 39. Qxa7 b5 40.
h5 Qd4 41. Qxd4+ Rxd4 42. hxg6 Kxg6 43. Nf4+ Kf6 44. g3 h5 45. Nxh5+ Kg5 46.
Nf4 Kg4 47. Rb3 Rd2 48. Kg1 Ra2 49. Nd3 Rxa3 50. Nf2+ Kg5 51. Rxb5 Rxg3+ 52.
Kf1 Re3 53. Nd1 Re6 54. Kf2 Kf4 55. Nc3 Bh4+ 56. Kg2 Kg4 57. Nd5 Re2+ 58. Kf1
Re1+ 59. Kg2 Re2+ 60. Kf1 Re1+ 61. Kg2 Bg5 62. Rb4+ f4 63. Nxf4 Bxf4 64. Rb2
Re8 65. Ra2 Rh8 66. Re2 Rh3 67. Rf2 Be3 68. Rc2 Rg3+ 69. Kf1 Kf3 70. Rf2+ Ke4
71. Rg2 Rh3 72. Ke2 Rh1 73. Rg4+ Bf4 74. Rg2 Ra1 75. Rf2 Be3 76. Rg2 Rb1 77.
Rg4+ Bf4 78. Rg2 Rb3 79. Rf2 Ra3 80. Kf1 Be3 1/2-1/2

[Event "BL 8990 Bayern-Lasker"]
[Site "?"]
[Date "1989.??.??"]
[Round "?.8"]
[White "Stangl, M."]
[Black "Paulsen, D."]
[Result "1-0"]
[WhiteElo "2375"]
[BlackElo "2295"]
[PlyCount "83"]
[EventDate "1989.??.??"]

1. Nf3 d6 2. d4 Bg4 3. c4 g6 4. Qb3 Nc6 5. Nbd2 Bg7 6. d5 Nd4 7. Nxd4 Bxd4 8.
Qxb7 Nf6 9. Qb3 O-O 10. Qd3 Bb6 11. h3 Bc8 12. e3 e6 13. dxe6 Bb7 14. exf7+
Rxf7 15. Be2 Nd7 16. Nf3 Qe7 17. Bd2 Nc5 18. Qc2 Ne4 19. h4 Raf8 20. Rf1 Nc5
21. O-O-O Be4 22. Qc3 Bf5 23. Nd4 Ne4 24. Nxf5 Rxf5 25. Qb3 Bc5 26. Bf3 Qxh4
27. Be1 Rxf3 28. gxf3 Rxf3 29. Qd3 Qg4 30. b4 Bb6 31. c5 dxc5 32. Qd8+ Kg7 33.
Rd7+ Rf7 34. Rxf7+ Kxf7 35. f3 Qf5 36. Qd3 Nd6 37. e4 Qg5+ 38. Bd2 Qe5 39. Bc3
Qf4+ 40. Kc2 c4 41. Qd5+ Kf8 42. Be5 1-0

[Event "BL 8990 Zehlendorf-Bayern"]
[Site "?"]
[Date "1989.??.??"]
[Round "?.2"]
[White "Hulak, K."]
[Black "Ribli, Z."]
[Result "1/2-1/2"]
[WhiteElo "2550"]
[BlackElo "2605"]
[PlyCount "70"]
[EventDate "1989.??.??"]

1. c4 c5 2. Nf3 Nf6 3. Nc3 e6 4. g3 b6 5. Bg2 Bb7 6. O-O Be7 7. d4 cxd4 8. Qxd4
d6 9. Rd1 a6 10. b3 Nbd7 11. e4 Qc8 12. Qe3 O-O 13. Bb2 Re8 14. Rac1 Qb8 15.
Nd4 Bf8 16. Qd2 Qa7 17. h3 Rad8 18. Re1 h5 19. Re2 g6 20. Rd1 Qa8 21. Qe1 Bg7
22. Ba1 Nc5 23. f3 Qb8 24. Bb2 Ba8 25. Kh1 Ncd7 26. Nc2 b5 27. Ba3 Bf8 28. cxb5
axb5 29. Bb4 Ne5 30. Nd4 Nc6 31. Nxc6 Bxc6 32. Rc2 Rc8 33. Rcd2 Red8 34. Qe3
Rd7 35. Ne2 e5 1/2-1/2

[Event "BL 8990 Zehlendorf-Bayern"]
[Site "?"]
[Date "1989.??.??"]
[Round "?.3"]
[White "Hjartarson, J."]
[Black "Wockenfuss, K."]
[Result "1-0"]
[WhiteElo "2555"]
[BlackElo "2405"]
[PlyCount "151"]
[EventDate "1989.??.??"]

1. e4 d6 2. d4 g6 3. Nc3 Bg7 4. Nf3 Nf6 5. Be2 O-O 6. O-O c6 7. h3 Qc7 8. a4 e5
9. Be3 Re8 10. dxe5 dxe5 11. a5 Nh5 12. Bc4 Be6 13. Bxe6 Rxe6 14. Qd3 Na6 15.
Qc4 h6 16. g3 Nf6 17. Na4 Ree8 18. Kg2 Qe7 19. c3 Qe6 20. Qxe6 Rxe6 21. Nd2 Bf8
22. b4 Rd8 23. Ra2 Ra8 24. Kf3 Ne8 25. Ke2 Nd6 26. Rc1 f5 27. f3 Nb5 28. g4 f4
29. Bf2 Rd8 30. Nb3 Kf7 31. Rd2 Rxd2+ 32. Nxd2 Re8 33. Nb3 Rd8 34. Nb2 Be7 35.
Nd3 Kf6 36. c4 Nbc7 37. Be1 Ne6 38. Bc3 Nd4+ 39. Nxd4 exd4 40. Bd2 g5 41. h4
Nc7 42. Rh1 Kg7 43. Kd1 Ne6 44. Kc2 gxh4 45. Be1 h3 46. Kd1 Rh8 47. Ke2 h5 48.
Rxh3 h4 49. Bd2 Bg5 50. c5 Rb8 51. Be1 Rd8 52. Bxh4 Rh8 53. Bxg5 Rxh3 54. Bxf4
Rh1 55. Be5+ Kf7 56. Bd6 Rg1 57. a6 bxa6 58. Ne5+ Ke8 59. Nxc6 Rg2+ 60. Kd3 Rf2
61. Nxd4 Nxd4 62. Kxd4 Rxf3 63. c6 Rf6 64. Kd5 Rg6 65. e5 Rxg4 66. e6 Rg5+ 67.
Be5 Kd8 68. c7+ Kc8 69. e7 Rg8 70. Ke6 Re8 71. Bg3 Rh8 72. Bf4 a5 73. bxa5 a6
74. Be5 Re8 75. Bg3 Rh8 76. Bf4 1-0

[Event "BL 8990 Zehlendorf-Bayern"]
[Site "?"]
[Date "1989.??.??"]
[Round "?.4"]
[White "Cladouras, P."]
[Black "Kindermann, S."]
[Result "1/2-1/2"]
[WhiteElo "2425"]
[BlackElo "2530"]
[PlyCount "50"]
[EventDate "1989.??.??"]

1. e4 e6 2. d4 d5 3. Nc3 Bb4 4. e5 c5 5. a3 Bxc3+ 6. bxc3 Ne7 7. Qg4 Qc7 8.
Qxg7 Rg8 9. Qxh7 cxd4 10. Ne2 Nbc6 11. f4 Bd7 12. Qd3 dxc3 13. Qxc3 O-O-O 14.
Rb1 d4 15. Qd3 Be8 16. Ng3 f6 17. exf6 Nd5 18. Be2 Nc3 19. Rb2 Bg6 20. Qc4 Nxe2
21. Qxe2 Qa5+ 22. Bd2 Qd5 23. Qb5 Qxb5 24. Rxb5 Bxc2 25. Bb4 Bg6 1/2-1/2

[Event "BL 8990 Zehlendorf-Bayern"]
[Site "?"]
[Date "1989.??.??"]
[Round "?.5"]
[White "Hickl, J."]
[Black "Loeffler, S."]
[Result "1-0"]
[WhiteElo "2510"]
[BlackElo "2305"]
[PlyCount "79"]
[EventDate "1989.??.??"]

1. e4 e5 2. Nf3 Nc6 3. Bb5 g6 4. O-O Bg7 5. c3 a6 6. Ba4 d6 7. d4 Bd7 8. Bg5 f6
9. Be3 Nh6 10. dxe5 Nxe5 11. Nbd2 Nhg4 12. Nxe5 fxe5 13. Qxg4 Bxa4 14. c4 O-O
15. Nb1 Bd7 16. Qe2 Rf7 17. Nc3 Qf8 18. Qd2 Be6 19. b3 Rd8 20. Rad1 Bf6 21. Nd5
Rdd7 22. c5 dxc5 23. Nxf6+ Rxf6 24. Qc3 c4 25. bxc4 Rff7 26. Qxe5 Bxc4 27. Rxd7
Rxd7 28. Rc1 Qd6 29. Qe8+ Kg7 30. h3 Qe6 31. Qb8 Qxe4 32. Re1 Qd5 33. a3 Bb5
34. f3 Rf7 35. Bf2 Bc6 36. Kh2 Kh6 37. Re4 Qd6+ 38. Bg3 Qd7 39. Rh4+ Kg5 40.
Qh8 1-0

[Event "BL 8990 Zehlendorf-Bayern"]
[Site "?"]
[Date "1989.??.??"]
[Round "?.6"]
[White "Vogel, R."]
[Black "Bischoff, K."]
[Result "0-1"]
[WhiteElo "2320"]
[BlackElo "2530"]
[PlyCount "78"]
[EventDate "1989.??.??"]

1. d4 Nf6 2. c4 e6 3. Nc3 Bb4 4. e3 b6 5. Nge2 Ba6 6. Ng3 Bxc3+ 7. bxc3 d5 8.
Qf3 O-O 9. cxd5 exd5 10. Bxa6 Nxa6 11. Qe2 Qc8 12. O-O c5 13. Ba3 Re8 14. f3
Re6 15. e4 cxd4 16. cxd4 g6 17. e5 Ne8 18. Rac1 Nac7 19. Qd2 Qd7 20. f4 f5 21.
exf6 Rxf6 22. f5 gxf5 23. Nh5 Rg6 24. Rce1 Nd6 25. Bxd6 Qxd6 26. Rxf5 Rf8 27.
Rxf8+ Qxf8 28. Rf1 Qe7 29. Qf2 Ne8 30. Qf3 Rd6 31. h3 Rd8 32. Rf2 Nc7 33. Re2
Qd6 34. Qg4+ Qg6 35. Qh4 Rf8 36. Re3 Qh6 37. Re7 Ne6 38. Rg7+ Nxg7 39. Nf6+
Qxf6 0-1